| 000 | 00416cam a2200169ua 4500 | ||
|---|---|---|---|
| 020 | _cRs 6.00 | ||
| 041 |
_aeng _h |
||
| 082 |
_a894.8 _bNIL/DR |
||
| 100 | _aNilakanta, Sastri . | ||
| 245 |
_aDravidian literatures / _cNilakanta Sastri. _hTextual Documents |
||
| 260 |
_aChennai : _bS.Viswanathan , _c1949. |
||
| 300 | _a48 ; . | ||
| 365 | _aRs 6.00 | ||
| 504 | _a | ||
| 942 | _cBK | ||
| 999 |
_c2427 _d2427 |
||